| 000 | 00513nam a22001817a 4500 | ||
|---|---|---|---|
| 999 |
_c159728 _d159728 |
||
| 005 | 20190103130746.0 | ||
| 010 | _aENG-124625 | ||
| 020 |
_a9788192557184 _c600.00 |
||
| 035 | _aEN-108157 | ||
| 037 | _bDBAD/PUB | ||
| 082 | _a613.71 | ||
| 100 | _aOm Prakash | ||
| 245 |
_aExcercises and fitness/ _cby Om Prakash |
||
| 260 |
_c2018 _aAllahabad _bAnurag Publication |
||
| 270 |
_a116/70, Lukerganj, _bAllahbad _e211001 |
||
| 300 |
_c21cm(Hb) _a136p. _bill.pic. |
||
| 942 |
_cEN _2ddc _mOMP _h613.71 |
||